| 000 | 00470nam a2200205Ia 4500 | ||
|---|---|---|---|
| 999 |
_c8901 _d8901 |
||
| 003 | 0100 | ||
| 005 | 20180309091346.0 | ||
| 008 | 130303s9999 xx 000 0 und d | ||
| 020 | _a883444356 | ||
| 040 | _cARRUPELIB | ||
| 050 | _aDT962.75.K36 | ||
| 100 |
_aKapungu, Leornard T _940473 |
||
| 245 |
_aRhodesia: _bthe struggle for freedom / |
||
| 260 |
_aMaryknoll _bOrbis Books _c1974 |
||
| 300 | _axii | ||
| 300 | _b 177p. 22cm. | ||
| 650 |
_aRhodesia, Southern _xPolitics _926431 |
||
| 650 |
_aChristianity _zRhodesia, Southern _940418 |
||
| 650 |
_aRhodesia, Southern _xRace question _929943 |
||
| 700 |
_aLeornard T. Kapungu _940474 |
||
| 942 |
_2lcc _cMONOGRAPH |
||